000
00358nam a22001217a 4500
003
SGT
082
_a
301.2
_b
B92H
100
_a
हेबालकर, शरद
245
_a
भारतीय संस्कृति का विश्वसंचार
260
_b
सुरुचि प्रकाशन
_c
1992
300
_a
135
942
_2
ddc
_c
BK
999
_c
29550
_d
29550